[Event "Nizhnij Novgorod Region-ch op"]
[Site "Nizhnij Novgorod"]
[Date "2008.10.??"]
[Round "4"]
[White "Yatzenko, Anton"]
[Black "Novgorodskij, Vladimir"]
[Result "1-0"]
[WhiteElo "2267"]
[BlackElo "2393"]
[PlyCount "75"]
[EventDate "2008.10.04"]
[EventType "swiss"]
[EventRounds "9"]
[EventCountry "RUS"]
[SourceTitle "EXT 2022"]
[Source "ChessBase"]
[SourceDate "2021.10.06"]
[SourceVersion "1"]
[SourceVersionDate "2021.10.06"]
[SourceQuality "1"]

1. d4 Nf6 2. c4 c5 3. d5 e6 4. Nc3 exd5 5. cxd5 d6 6. e4 g6 7. f4 Bg7 8. Bb5+ Nfd7 9. a4 Qh4+ 10. g3 Qd8 11. Nf3 0-0 12. 0-0 a6 13. Bd3 Re8 14. Nd2 Nf6 15. Nc4 Bh3 16. Re1 Ng4 17. e5 dxe5 18. Bf1 Bxf1 19. Rxf1 f5 20. h3 exf4 21. hxg4 fxg3 22. Kg2 fxg4 23. d6 Qh4 24. Rh1 Qf6 25. Kxg3 Rf8 26. Qd5+ Kh8 27. Be3 Nc6 28. Raf1 Qxf1 29. Rxf1 Rxf1 30. Kxg4 Rf5 31. Qe4 Raf8 32. d7 Be5 33. Bh6 Rd8 34. Nxe5 Nxe5+ 35. Kg3 Rxd7 36. Bf4 Re7 37. Nd5 Re6 38. Ne3 1-0

[Event "Kstovo op"]
[Site "Kstovo"]
[Date "2008.09.09"]
[Round "4"]
[White "Jevtushenko, VV."]
[Black "Novgorodskij, Vladimir"]
[Result "0-1"]
[WhiteElo "2024"]
[BlackElo "2392"]
[PlyCount "48"]
[EventDate "2008.09.06"]
[EventType "swiss"]
[EventRounds "9"]
[EventCountry "RUS"]
[SourceTitle "CBM 126 Extra"]
[Source "ChessBase"]
[SourceDate "2008.11.05"]
[SourceVersion "1"]
[SourceVersionDate "2008.11.05"]
[SourceQuality "1"]

1. Nf3 Nf6 2. b3 g6 3. Bb2 Bg7 4. e3 0-0 5. Be2 d6 6. 0-0 e5 7. d3 Nc6 8. Nbd2 Ne8 9. e4 f5 10. exf5 gxf5 11. g3 f4 12. Nh4 Bh3 13. Ng2 fxg3 14. fxg3 Nf6 15. Ne4 Nd5 16. Rxf8+ Qxf8 17. Qd2 Bh6 18. Qe1 Bxg2 19. Kxg2 Ne3+ 20. Kg1 Nxc2 21. Qc3 Nxa1 22. Bxa1 Be3+ 23. Kh1 d5 24. Nd2 Qf2 0-1

[Event "Moscow op-A 04th"]
[Site "Moscow"]
[Date "2008.02.09"]
[Round "8"]
[White "Balashov, Yuri S"]
[Black "Novgorodskij, Vladimir"]
[Result "0-1"]
[WhiteElo "2421"]
[BlackElo "2370"]
[PlyCount "60"]
[EventDate "2008.02.02"]
[EventType "swiss"]
[EventRounds "9"]
[EventCountry "RUS"]
[SourceTitle "CBM 122 Extra"]
[Source "ChessBase"]
[SourceDate "2008.03.04"]
[SourceVersion "1"]
[SourceVersionDate "2008.03.04"]
[SourceQuality "1"]

1. e4 c5 2. b3 Nc6 3. Bb2 d6 4. f4 Nf6 5. Qf3 Qc7 6. Na3 a6 7. Ne2 e5 8. fxe5 dxe5 9. c3 Bg4 10. Qe3 0-0-0 11. h3 Be6 12. Qf3 Be7 13. Ng3 g6 14. Be2 h5 15. Nf1 Nh7 16. 0-0-0 Ng5 17. Qe3 f5 18. exf5 gxf5 19. Bc4 Bxc4 20. Nxc4 b5 21. Na3 e4 22. c4 Nb4 23. Kb1 Nd3 24. cxb5 Nxb2 25. Kxb2 Bf6+ 26. Kb1 Rd3 27. Qf2 Qe5 28. Nc4 Qa1+ 29. Kc2 Qxa2+ 30. Kc1 Rc3+ 0-1

[Event "Kazan Region-ch 6th"]
[Site "Kazan"]
[Date "2008.01.31"]
[Round "9"]
[White "Isajevsky, Anton"]
[Black "Novgorodskij, Vladimir"]
[Result "0-1"]
[WhiteElo "2469"]
[BlackElo "2370"]
[PlyCount "78"]
[EventDate "2008.01.23"]
[EventType "swiss"]
[EventRounds "9"]
[EventCountry "RUS"]
[SourceTitle "CBM 122 Extra"]
[Source "ChessBase"]
[SourceDate "2008.03.04"]
[SourceVersion "1"]
[SourceVersionDate "2008.03.04"]
[SourceQuality "1"]

1. c4 Nf6 2. Nc3 c5 3. Nf3 e6 4. d4 cxd4 5. Nxd4 Bb4 6. Nc2 Be7 7. Bf4 d6 8. g3 0-0 9. Bg2 Nc6 10. 0-0 Nh5 11. Be3 f5 12. Bc1 Nf6 13. b3 Ne5 14. e4 g6 15. Qe2 Nf7 16. exf5 gxf5 17. Bb2 Ne8 18. Nd4 Ng7 19. Rad1 Bf6 20. Ndb5 Qe7 21. Rfe1 a6 22. Nd4 Qd8 23. Qc2 Rb8 24. Nde2 Bd7 25. Nf4 b5 26. c5 dxc5 27. Bc6 Bd4 28. Nce2 e5 29. Bxd7 Qxd7 30. Nd3 Qd5 31. Nxc5 Ng5 32. Nxd4 exd4 33. Re7 Nf3+ 34. Kf1 Nxh2+ 35. Kg1 Nf3+ 36. Kf1 Rbe8 37. Rxe8 Rxe8 38. b4 Kh8 39. Qd3 Ne1 0-1

[Event "Kazan Region-ch 6th"]
[Site "Kazan"]
[Date "2008.01.28"]
[Round "6"]
[White "Novgorodskij, Vladimir"]
[Black "Khismatullin, Denis Rimovich"]
[Result "0-1"]
[WhiteElo "2370"]
[BlackElo "2564"]
[PlyCount "118"]
[EventDate "2008.01.23"]
[EventType "swiss"]
[EventRounds "9"]
[EventCountry "RUS"]
[SourceTitle "CBM 122 Extra"]
[Source "ChessBase"]
[SourceDate "2008.03.04"]
[SourceVersion "1"]
[SourceVersionDate "2008.03.04"]
[SourceQuality "1"]

1. e4 c5 2. Nf3 d6 3. d4 cxd4 4. Nxd4 Nf6 5. Nc3 a6 6. Bg5 e6 7. f4 Qc7 8. Bxf6 gxf6 9. Qd2 Nc6 10. 0-0-0 Bd7 11. Be2 h5 12. Rhf1 Rc8 13. Kb1 Be7 14. Nb3 b5 15. Bxb5 axb5 16. Nxb5 Qb8 17. Nxd6+ Qxd6 18. Qxd6 Bxd6 19. Rxd6 Ke7 20. Rfd1 Be8 21. R6d2 Rg8 22. Nc5 Na5 23. Nd3 Nc4 24. Re2 Bc6 25. Nb4 Ba8 26. a4 h4 27. Rd3 Rg4 28. g3 Rb8 29. c3 Nd6 30. e5 fxe5 31. Rxe5 hxg3 32. hxg3 f5 33. Ka2 Rgg8 34. Na6 Be4 35. Nxb8 Bxd3 36. Nc6+ Kd7 37. Rc5 Be4 38. Ne5+ Kd8 39. a5 Nb7 40. Rb5 Kc7 41. c4 Rxg3 42. a6 Nd6 43. Ra5 Kb8 44. b3 Ka7 45. c5 Ne8 46. b4 Rc3 47. Kb2 Rc2+ 48. Kb3 Rc1 49. b5 Rxc5 50. Nc4 Rc8 51. b6+ Kb8 52. b7 Rd8 53. Ne5 Nc7 54. Kb4 Ka7 55. Nf7 Rd5 56. Ra1 Rb5+ 57. Kc3 Nxa6 58. Nd6 Rc5+ 59. Kb2 Bxb7 0-1

[Event "Nizhnij Novgorod Dubinin Memorial 15th"]
[Site "Nizhnij Novgorod"]
[Date "2008.01.??"]
[Round "?"]
[White "Novgorodskij, Vladimir"]
[Black "Kotov, Viktor"]
[Result "1/2-1/2"]
[WhiteElo "2370"]
[BlackElo "2356"]
[PlyCount "33"]
[EventDate "2008.01.??"]
[EventType "swiss"]
[EventRounds "9"]
[EventCountry "RUS"]
[SourceTitle "CBM 122 Extra"]
[Source "ChessBase"]
[SourceDate "2008.03.04"]
[SourceVersion "1"]
[SourceVersionDate "2008.03.04"]
[SourceQuality "1"]

1. e4 c5 2. Na3 Nc6 3. Bb5 d6 4. c3 a6 5. Bxc6+ bxc6 6. Qa4 Bd7 7. f4 d5 8. Nf3 c4 9. Qc2 Qb6 10. b3 cxb3 11. axb3 e6 12. b4 Nf6 13. e5 Ne4 14. Rf1 c5 15. b5 c4 16. Nxc4 Qxb5 17. Nb2 1/2-1/2

[Event "Kstovo Mayak op"]
[Site "Kstovo"]
[Date "2007.12.04"]
[Round "5"]
[White "Novgorodskij, Vladimir"]
[Black "Pyatnitsyn, Andrey"]
[Result "1-0"]
[WhiteElo "2380"]
[BlackElo "1967"]
[PlyCount "65"]
[EventDate "2007.11.19"]
[EventType "swiss"]
[EventRounds "9"]
[EventCountry "RUS"]
[SourceTitle "EXT 2022"]
[Source "ChessBase"]
[SourceDate "2021.10.06"]
[SourceVersion "1"]
[SourceVersionDate "2021.10.06"]
[SourceQuality "1"]

1. e4 c6 2. d4 d5 3. e5 Bf5 4. Be3 e6 5. Nd2 Nd7 6. Ngf3 c5 7. dxc5 Bxc5 8. Bxc5 Nxc5 9. Bb5+ Nd7 10. 0-0 a6 11. Bxd7+ Qxd7 12. Nd4 Bg6 13. h4 h6 14. Qg4 h5 15. Qh3 Ne7 16. N2f3 Rc8 17. c3 Nc6 18. Rad1 Be4 19. Ng5 Bg6 20. Qg3 Nxd4 21. Rxd4 0-0 22. Nh3 Qb5 23. Rb4 Qc6 24. Nf4 Kh7 25. Qg5 Rh8 26. Re1 a5 27. Rd4 Qb6 28. Nxh5 Qxb2 29. Rg4 Qxc3 30. Re3 Qd2 31. Nf4 Rc1+ 32. Kh2 Qxf2 33. Nxg6 1-0

[Event "Nizhnij Novgorod Region-ch"]
[Site "Nizhnij Novgorod"]
[Date "2007.10.??"]
[Round "?"]
[White "Anisimov, Aleksander"]
[Black "Novgorodskij, Vladimir"]
[Result "0-1"]
[WhiteElo "2282"]
[BlackElo "2380"]
[PlyCount "74"]
[EventDate "2007.10.??"]
[EventType "swiss"]
[EventRounds "9"]
[EventCountry "RUS"]
[SourceTitle "EXT 2009"]
[Source "ChessBase"]
[SourceDate "2008.11.26"]
[SourceVersion "1"]
[SourceVersionDate "2008.11.26"]
[SourceQuality "1"]

1. e4 d6 2. d4 g6 3. Nc3 Bg7 4. Be3 a6 5. a4 Nf6 6. h3 0-0 7. g4 c5 8. dxc5 Qa5 9. Bg2 dxc5 10. e5 Nfd7 11. f4 g5 12. Nf3 gxf4 13. Bxf4 Nc6 14. 0-0 Ndxe5 15. Nd5 e6 16. Nxe5 Nxe5 17. Ne7+ Kh8 18. Qe2 c4 19. Nxc8 Raxc8 20. Rae1 Ng6 21. Bg3 Bxb2 22. Kh1 b5 23. Bd6 bxa4 24. c3 Bxc3 25. Rc1 Rfd8 26. Ba3 Rd2 27. Qf3 Bg7 28. Qxf7 Rxg2 29. Kxg2 Qd5+ 30. Kg1 Nh4 31. Rc2 Bd4+ 32. Kh2 Qe5+ 33. Rf4 Ng6 34. Kg3 Qe3+ 35. Rf3 Qg1+ 36. Rg2 Be5+ 37. Rf4 Bxf4+ 0-1

[Event "Nizhnij Novgorod Elo"]
[Site "Nizhnij Novgorod"]
[Date "2007.10.??"]
[Round "?"]
[White "Korobov, Ilya"]
[Black "Novgorodskij, Vladimir"]
[Result "1/2-1/2"]
[WhiteElo "2393"]
[BlackElo "2344"]
[PlyCount "56"]
[EventDate "2007.10.??"]
[EventType "tourn"]
[EventRounds "9"]
[EventCountry "RUS"]
[SourceTitle "CBM 121 Extra"]
[Source "ChessBase"]
[SourceDate "2008.01.10"]
[SourceVersion "1"]
[SourceVersionDate "2008.01.10"]
[SourceQuality "1"]

1. d4 Nf6 2. Nf3 c5 3. d5 e6 4. c4 exd5 5. cxd5 d6 6. Nc3 g6 7. e4 Bg7 8. Bd3 0-0 9. h3 b5 10. Bxb5 Nxe4 11. Nxe4 Qa5+ 12. Nfd2 Qxb5 13. Nxd6 Qa6 14. N2c4 Nd7 15. 0-0 Nb6 16. Nxb6 Qxb6 17. Nxc8 Raxc8 18. Qb3 c4 19. Qxb6 axb6 20. Rd1 Rfd8 21. a4 Rc5 22. Be3 Rcxd5 23. Rxd5 Rxd5 24. Rc1 b5 25. axb5 Rxb5 26. Rxc4 Bxb2 27. Bh6 Rb8 28. g4 Bg7 1/2-1/2

[Event "Nizhnij Novgorod Region-ch"]
[Site "Nizhnij Novgorod"]
[Date "2007.10.??"]
[Round "?"]
[White "Nesterov, Dmitry"]
[Black "Novgorodskij, Vladimir"]
[Result "1/2-1/2"]
[WhiteElo "2018"]
[BlackElo "2380"]
[PlyCount "113"]
[EventDate "2007.10.??"]
[EventType "swiss"]
[EventRounds "9"]
[EventCountry "RUS"]
[SourceTitle "EXT 2009"]
[Source "ChessBase"]
[SourceDate "2008.11.26"]
[SourceVersion "1"]
[SourceVersionDate "2008.11.26"]
[SourceQuality "1"]

1. d4 Nf6 2. Nf3 c5 3. d5 e6 4. c4 exd5 5. cxd5 d6 6. Nc3 g6 7. e4 Bg7 8. Be2 0-0 9. 0-0 Re8 10. Qc2 Bg4 11. Be3 Nbd7 12. Rad1 Qe7 13. h3 Bxf3 14. Bxf3 a6 15. a4 Rac8 16. Rfe1 c4 17. Bd4 Ne5 18. Be2 g5 19. g3 Qd7 20. Kh2 g4 21. hxg4 Nexg4+ 22. Kg2 b5 23. axb5 axb5 24. f3 Ne5 25. f4 Ng6 26. b4 Ng4 27. Bf3 Bxd4 28. Rxd4 h5 29. Qd1 Ra8 30. Qc1 f6 31. Rh1 Kg7 32. f5 N6e5 33. Rxh5 Nxf3 34. Kxf3 Ne5+ 35. Kg2 Rh8 36. Rxh8 Rxh8 37. Rd1 Nd3 38. Qa3 Re8 39. Qa5 Rb8 40. Ra1 Kf8 41. Rh1 Kg7 42. Nxb5 Qe7 43. Rh4 Ne5 44. Nd4 c3 45. b5 Rc8 46. Nc6 Qb7 47. Qxc3 Qxb5 48. Qe3 Nf7 49. Rg4+ Kf8 50. Qd2 Ra8 51. Qc2 Ra1 52. Rf4 Qb6 53. Rf2 Qe3 54. Qe2 Qc3 55. Qd2 Qb3 56. Qc2 Qe3 57. Qe2 1/2-1/2

[Event "Nizhnij Novgorod Elo"]
[Site "Nizhnij Novgorod"]
[Date "2007.10.??"]
[Round "?"]
[White "Novgorodskij, Vladimir"]
[Black "Dudukin, Ilya"]
[Result "1/2-1/2"]
[WhiteElo "2344"]
[BlackElo "2413"]
[PlyCount "26"]
[EventDate "2007.10.??"]
[EventType "tourn"]
[EventRounds "9"]
[EventCountry "RUS"]
[SourceTitle "CBM 121 Extra"]
[Source "ChessBase"]
[SourceDate "2008.01.10"]
[SourceVersion "1"]
[SourceVersionDate "2008.01.10"]
[SourceQuality "1"]

1. e4 c5 2. Nf3 Nf6 3. Nc3 d5 4. exd5 Nxd5 5. Bb5+ Bd7 6. Ne5 Nf6 7. Nxd7 Nbxd7 8. Qf3 a6 9. Bxd7+ Qxd7 10. d3 e6 11. Bf4 0-0-0 12. 0-0-0 Nd5 13. Nxd5 Qxd5 1/2-1/2

[Event "Nizhnij Novgorod Elo"]
[Site "Nizhnij Novgorod"]
[Date "2007.10.??"]
[Round "?"]
[White "Zujkov, Nikolay"]
[Black "Novgorodskij, Vladimir"]
[Result "0-1"]
[WhiteElo "2072"]
[BlackElo "2344"]
[PlyCount "36"]
[EventDate "2007.10.??"]
[EventType "tourn"]
[EventRounds "9"]
[EventCountry "RUS"]
[SourceTitle "CBM 121 Extra"]
[Source "ChessBase"]
[SourceDate "2008.01.10"]
[SourceVersion "1"]
[SourceVersionDate "2008.01.10"]
[SourceQuality "1"]

1. e4 d5 2. exd5 Nf6 3. c4 e6 4. dxe6 Bxe6 5. Nf3 Nc6 6. a3 Qe7 7. Be2 Bxc4 8. d3 0-0-0 9. 0-0 Qe6 10. Be3 Bb3 11. Qc1 Bd6 12. Nbd2 Bd5 13. b4 Ng4 14. Ng5 Qf5 15. Bxg4 Qxg4 16. Nde4 Be5 17. Rb1 Nd4 18. Qc5 b6 0-1

[Event "Nezhmetdinov Memorial 29th"]
[Site "Kazan"]
[Date "2007.06.05"]
[Round "5"]
[White "Novgorodskij, Vladimir"]
[Black "Mihajlovskij, Sergei"]
[Result "1-0"]
[WhiteElo "2351"]
[BlackElo "2492"]
[PlyCount "223"]
[EventDate "2007.06.01"]
[EventType "swiss"]
[EventRounds "9"]
[EventCountry "RUS"]
[SourceTitle "CBM 119 Extra"]
[Source "ChessBase"]
[SourceDate "2007.09.04"]
[SourceVersion "1"]
[SourceVersionDate "2007.09.04"]
[SourceQuality "1"]

1. e4 g6 2. d4 Bg7 3. Nc3 d6 4. Be3 c6 5. Qd2 b5 6. Bd3 Nd7 7. Nf3 a6 8. h3 e5 9. 0-0 Ngf6 10. dxe5 dxe5 11. a4 Bb7 12. Ne2 0-0 13. Ng3 Re8 14. c4 bxa4 15. c5 Nf8 16. Rxa4 Ne6 17. Rfa1 Qe7 18. Qc2 Nc7 19. Bc4 h6 20. Nh4 Nd7 21. Nxg6 Qf6 22. Qd1 Bc8 23. Qh5 Ne6 24. Bxe6 Qxe6 25. Nh4 Nf6 26. Qf3 Rb8 27. Ngf5 Bf8 28. Bxh6 Bxh6 29. Nxh6+ Kh7 30. N4f5 Rb3 31. Qe2 Rd8 32. Ng4 Nh5 33. Nxe5 Nf4 34. Qg4 Nxh3+ 35. Kf1 Qf6 36. gxh3 Rd2 37. Qh5+ Kg8 38. Qg4+ Kf8 39. Rxa6 Qxe5 40. Ra8 Rd8 41. Rd1 Re8 42. Rxc8 Rxc8 43. Nh6 Qe6 44. Qg8+ Ke7 45. Qg5+ Kf8 46. Nf5 Qe5 47. Rd8+ Rxd8 48. Qxd8+ Qe8 49. Qd6+ Kg8 50. Qf6 Qf8 51. Nh6+ Kh7 52. Qxf7+ Qxf7 53. Nxf7 Rxb2 54. Ne5 Rc2 55. Nxc6 Rxc5 56. Nd4 Rc4 57. Nf3 Kh6 58. Nd2 Rc3 59. Kg2 Kg5 60. Nf1 Kf4 61. Ng3 Ra3 62. h4 Kg4 63. h5 Ra6 64. Nf5 Kxh5 65. Kg3 Kg5 66. Ne3 Ra3 67. f4+ Kf6 68. Kf3 Ra4 69. Ng4+ Kg6 70. Ne5+ Kf6 71. Nd7+ Ke7 72. Nb6 Ra6 73. Nd5+ Kd6 74. Kg4 Ra8 75. Kf5 Ra5 76. Kf6 Ra4 77. Kf5 Ra5 78. Kg6 Ra4 79. Nf6 Ke6 80. Nh7 Ke7 81. Ng5 Ra6+ 82. Kg7 Ra7 83. e5 Ke8+ 84. Kf6 Ra6+ 85. e6 Ra4 86. f5 Rh4 87. Nf7 Rd4 88. Ke5 Rd1 89. Nd6+ Kf8 90. f6 Re1+ 91. Kd5 Re2 92. Ne4 Re1 93. Kd4 Re2 94. Ke5 Re1 95. Kf4 Rf1+ 96. Kg5 Rg1+ 97. Kf5 Rf1+ 98. Kg6 Rg1+ 99. Ng5 Rg2 100. Kf5 Rf2+ 101. Ke5 Re2+ 102. Kd4 Rd2+ 103. Ke3 Rh2 104. Ne4 Rh7 105. Kd4 Ra7 106. Nd6 Ra1 107. Ke5 Ra5+ 108. Kf4 Ra7 109. Kf5 Rc7 110. Kg6 Ra7 111. Nf5 Ra6 112. e7+ 1-0

[Event "RUS-Cup"]
[Site "Bor"]
[Date "2000.??.??"]
[Round "6"]
[White "Novgorodskij, Vladimir"]
[Black "Tarasov, Vladimir N"]
[Result "1-0"]
[WhiteElo "2366"]
[BlackElo "2263"]
[PlyCount "71"]
[EventDate "2000.06.??"]
[EventType "swiss"]
[EventRounds "9"]
[EventCountry "RUS"]
[SourceTitle "EXT 2001"]
[Source "ChessBase"]
[SourceDate "2000.11.22"]
[SourceVersion "1"]
[SourceVersionDate "2000.11.22"]
[SourceQuality "1"]

1. e4 e6 2. d3 d5 3. Nd2 Nc6 4. Ngf3 Nf6 5. c3 e5 6. Be2 a5 7. 0-0 Bc5 8. Qc2 0-0 9. h3 b6 10. Re1 Be7 11. b3 Ba6 12. Nf1 dxe4 13. dxe4 Bxe2 14. Qxe2 Bc5 15. Ng3 Ne8 16. Rd1 Nd6 17. a3 f6 18. Ra2 b5 19. Nf5 Qb8 20. Rd5 Qa7 21. Nxd6 cxd6 22. Qxb5 Ne7 23. Rd1 f5 24. Qc4+ Kh8 25. Ng5 fxe4 26. Nf7+ Rxf7 27. Qxf7 e3 28. Bxe3 Bxe3 29. fxe3 Qxe3+ 30. Rf2 Ng6 31. Qf3 Qa7 32. Kh2 Rd8 33. Rxd6 Rb8 34. Rfd2 Qc7 35. Rd7 Qb6 36. R2d6 1-0

[Event "RUS-Cup"]
[Site "Bor"]
[Date "2000.??.??"]
[Round "2"]
[White "Novgorodskij, Vladimir"]
[Black "Vorobiov, Evgeny E"]
[Result "1/2-1/2"]
[WhiteElo "2366"]
[BlackElo "2500"]
[PlyCount "34"]
[EventDate "2000.06.??"]
[EventType "swiss"]
[EventRounds "9"]
[EventCountry "RUS"]
[SourceTitle "EXT 2001"]
[Source "ChessBase"]
[SourceDate "2000.11.22"]
[SourceVersion "1"]
[SourceVersionDate "2000.11.22"]
[SourceQuality "1"]

1. e4 c5 2. Nf3 d6 3. d4 cxd4 4. Qxd4 Nc6 5. Bb5 Bd7 6. Bxc6 Bxc6 7. Nc3 e6 8. Bg5 Nf6 9. 0-0-0 Be7 10. Qd3 Qa5 11. Kb1 0-0 12. h4 Rfd8 13. Nd4 Be8 14. f4 Rac8 15. Nd5 exd5 16. e5 dxe5 17. fxe5 Ng4 1/2-1/2

[Event "RUS-Cup"]
[Site "Nizhnij Novgorod"]
[Date "1999.??.??"]
[Round "5"]
[White "Driamin, Dmitrij"]
[Black "Novgorodskij, Vladimir"]
[Result "0-1"]
[WhiteElo "2267"]
[BlackElo "2389"]
[PlyCount "62"]
[EventDate "1999.??.??"]
[EventType "swiss"]
[EventRounds "9"]
[EventCountry "RUS"]
[SourceTitle "EXT 2001"]
[Source "ChessBase"]
[SourceDate "2000.11.22"]
[SourceVersion "1"]
[SourceVersionDate "2000.11.22"]
[SourceQuality "1"]

1. d4 d5 2. c4 e6 3. Nf3 Nf6 4. g3 Nbd7 5. Bg2 c6 6. Qc2 Be7 7. 0-0 0-0 8. Nbd2 b5 9. b3 bxc4 10. bxc4 Ba6 11. Rd1 Qa5 12. Bb2 Rab8 13. Ne5 Nxe5 14. dxe5 Ng4 15. Bc3 Bb4 16. Nb3 Qb6 17. c5 Bxc5 18. Nxc5 Qxc5 19. e3 Nxe5 20. Rac1 Nd7 21. Qa4 Bc4 22. Bf1 Bxf1 23. Rxf1 Qd6 24. Qxa7 c5 25. Qa3 Ra8 26. Qb2 Rfb8 27. Qa1 e5 28. f4 d4 29. fxe5 Qd5 30. e6 fxe6 31. e4 Qxe4 0-1

[Event "RUS-Cup"]
[Site "Nizhnij Novgorod"]
[Date "1999.??.??"]
[Round "2"]
[White "Novgorodskij, Vladimir"]
[Black "Prokopchuk, Evgeny"]
[Result "1-0"]
[WhiteElo "2389"]
[BlackElo "2489"]
[PlyCount "43"]
[EventDate "1999.??.??"]
[EventType "swiss"]
[EventRounds "9"]
[EventCountry "RUS"]
[SourceTitle "EXT 2001"]
[Source "ChessBase"]
[SourceDate "2000.11.22"]
[SourceVersion "1"]
[SourceVersionDate "2000.11.22"]
[SourceQuality "1"]

1. c4 e5 2. a3 Nf6 3. Nc3 c6 4. d4 d6 5. e3 Nbd7 6. Nf3 g6 7. Be2 Bg7 8. 0-0 0-0 9. b4 a6 10. Bb2 Qe7 11. Qc2 Re8 12. Rfd1 exd4 13. Rxd4 Ne5 14. Rad1 Nxf3+ 15. Bxf3 Be6 16. Na4 Bf5 17. Qd2 g5 18. h3 h5 19. e4 g4 20. exf5 gxf3 21. Qg5 d5 22. R4d3 1-0

[Event "Chigorin Memorial 06th"]
[Site "St Petersburg"]
[Date "1998.11.08"]
[Round "8"]
[White "Novgorodskij, Vladimir"]
[Black "Loginov, Anton"]
[Result "1/2-1/2"]
[WhiteElo "2405"]
[BlackElo "2255"]
[PlyCount "102"]
[EventDate "1998.10.31"]
[EventType "swiss"]
[EventRounds "9"]
[EventCountry "RUS"]
[SourceTitle "CBM 067 Extra"]
[Source "ChessBase"]
[SourceDate "1999.01.01"]
[SourceVersion "1"]
[SourceVersionDate "1999.01.01"]
[SourceQuality "1"]

1. e4 e5 2. Nf3 Nc6 3. Bb5 Nf6 4. d3 d6 5. Nbd2 Be7 6. c3 0-0 7. Nf1 a6 8. Ba4 b5 9. Bc2 d5 10. Qe2 a5 11. Ng3 Re8 12. 0-0 d4 13. a4 b4 14. c4 g6 15. Ne1 Nd7 16. Qd2 Nc5 17. f4 b3 18. Bd1 Ne6 19. f5 Nf4 20. Qf2 Bb4 21. Bxf4 exf4 22. Qxf4 Ne5 23. Be2 g5 24. Qc1 f6 25. Qd1 Rb8 26. Bh5 Re7 27. Nf3 Bd6 28. Nxe5 Bxe5 29. Ne2 Qd6 30. g3 Bd7 31. Ra3 Rb4 32. Qa1 c5 33. Kf2 Rg7 34. Ng1 Bc6 35. Bd1 Qb8 36. Nf3 Rgb7 37. Nd2 Be8 38. Nf3 h5 39. Be2 Rh7 40. Kg1 Bc6 41. Qd1 Be8 42. Qd2 Kh8 43. Bd1 Rhb7 44. h4 g4 45. Qh6+ Kg8 46. Nxe5 Qxe5 47. Ra1 Rh7 48. Qd2 Bc6 49. Ra3 Rhb7 50. Qh6 Rh7 51. Qd2 Rhb7 1/2-1/2